LEADER 01077nam 2200373 450 001 9910155691803321 005 20230810001558.0 010 $a1-5040-4282-4 035 $a(CKB)3710000000976619 035 $a(MiAaPQ)EBC4769646 035 $a(EXLCZ)993710000000976619 100 $a20170104h20171954 uy 0 101 0 $aeng 135 $aurcnu|||||||| 181 $2rdacontent 182 $2rdamedia 183 $2rdacarrier 200 14$aThe bafut beagles /$fGerald Durrell 210 1$aNew York, New York :$cOpen Road Integrated Media,$d2017. 210 4$dİ1954 215 $a1 online resource (143 pages) $cillustrations 606 $aZoological specimens$xCollection and preservation 606 $aZoology$zCameroon 615 0$aZoological specimens$xCollection and preservation. 615 0$aZoology 676 $a391.9671 700 $aDurrell$b Gerald$f1925-1995,$0163665 801 0$bMiAaPQ 801 1$bMiAaPQ 801 2$bMiAaPQ 906 $aBOOK 912 $a9910155691803321 996 $aThe bafut beagles$93418029 997 $aUNINA